| 000 | 00587nam a2200229Ia 4500 | ||
|---|---|---|---|
| 003 | OSt | ||
| 005 | 20230509135839.0 | ||
| 008 | 210423s2014 xx 000 0 und d | ||
| 040 | _cAL | ||
| 041 | _aeng | ||
| 082 | _a821.914 KUMT | ||
| 100 |
_aKUMAR (J) _9100899 |
||
| 245 | _aTed Hughes: selected poems | ||
| 260 |
_aAgra _bLakshmi Narain Agarwal _c2014 |
||
| 300 |
_a100p _bPB |
||
| 365 |
_b60 _cINR |
||
| 440 |
_aNarains _9100900 |
||
| 650 |
_aEnglish Literature _9100901 |
||
| 650 |
_aEnglish Poetry _9100902 |
||
| 906 | _ahughes: ; poems ; selected ; Ted | ||
| 942 |
_2ddc _cBK |
||
| 999 |
_c165653 _d165653 |
||